[Event "ISL-chT Kvika 2324"]
[Site "Reykjavik"]
[Date "2023.10.12"]
[Round "1.1"]
[White "Lomasov, Semen"]
[Black "Pultinevicius, Paulius"]
[Result "1/2-1/2"]
[WhiteElo "2559"]
[BlackElo "2586"]
[PlyCount "72"]
[EventDate "2023.10.12"]
[EventType "team-tourn"]
[EventRounds "10"]
[EventCountry "ISL"]
[SourceTitle "Mega2024 Update 01"]
[Source "Chessbase"]
[SourceDate "2023.11.12"]
[SourceVersion "1"]
[SourceVersionDate "2023.11.12"]
[SourceQuality "1"]
[WhiteTeam "Skakdeild KR"]
[BlackTeam "Skakdeild Fjolnis"]
[WhiteTeamCountry "ISL"]
[BlackTeamCountry "ISL"]

1. e4 c6 2. d4 d5 3. e5 Bf5 4. h4 h5 5. Bd3 Bxd3 6. Qxd3 Qa5+ 7. Nd2 e6 8. Ngf3 Nh6 9. 0-0 Nf5 10. Nb3 Qa6 11. Qc3 Qb6 12. Bg5 Nd7 13. Qd3 c5 14. c4 Qa6 15. Rfc1 Rc8 16. a4 Be7 17. Bxe7 Nxe7 18. Nxc5 Nxc5 19. dxc5 Rxc5 20. Nd2 dxc4 21. Nxc4 0-0 22. b4 Rd5 23. Qf3 b5 24. axb5 Qxb5 25. Qxh5 Qxb4 26. Ne3 Rb5 27. Rxa7 Ng6 28. Qg4 Qb2 29. Rac7 Rb4 30. R1c4 Rxc4 31. Qxc4 Nxe5 32. Qc3 Qb1+ 33. Nf1 Ng6 34. g3 Qe4 35. Rc4 Qe2 36. Qc2 Qxc2 1/2-1/2

[Event "Saint Louis Summer-B"]
[Site "Saint Louis"]
[Date "2023.08.05"]
[Round "4"]
[White "Chandra, Akshat"]
[Black "Lomasov, Semen"]
[Result "1/2-1/2"]
[WhiteElo "2469"]
[BlackElo "2542"]
[PlyCount "80"]
[EventDate "2023.08.02"]
[EventType "tourn"]
[EventRounds "9"]
[EventCountry "USA"]
[EventCategory "11"]
[SourceTitle "CBM 215 Extra"]
[Source "ChessBase"]
[SourceDate "2023.09.30"]
[SourceVersion "1"]
[SourceVersionDate "2023.09.30"]
[SourceQuality "1"]

1. c4 e5 2. g3 c6 3. Nf3 e4 4. Nd4 d5 5. cxd5 Qxd5 6. Nc2 Nf6 7. Nc3 Qe5 8. Bg2 Na6 9. 0-0 Be7 10. Ne1 Bf5 11. f3 exf3 12. Nxf3 Qa5 13. d4 Rd8 14. Bf4 0-0 15. Qb3 Qb4 16. h3 h6 17. g4 Bh7 18. e3 c5 19. Bg3 Rfe8 20. Ne5 Qxb3 21. axb3 cxd4 22. exd4 Rxd4 23. Bxb7 Nb4 24. Bf2 Rd2 25. Nc4 Rxf2 26. Kxf2 Bd3 27. Rfd1 Bc2 28. Rd2 Bc5+ 29. Kg2 Bxb3 30. Nd6 Rb8 31. Nde4 Be3 32. Nxf6+ gxf6 33. Rd7 Be6 34. Rad1 Bxd7 35. Rxd7 Bf4 36. Nd5 Nxd5 37. Bxd5 Rxb2+ 38. Kf3 Be5 39. Rxa7 Rf2+ 40. Kxf2 Bd4+ 1/2-1/2

[Event "ISR-chT"]
[Site "Israel"]
[Date "2022.03.05"]
[Round "10.4"]
[White "Lomasov, Semen"]
[Black "Postny, Evgeny"]
[Result "1/2-1/2"]
[WhiteElo "2538"]
[BlackElo "2568"]
[PlyCount "33"]
[EventDate "2022.01.14"]
[EventType "team-tourn"]
[EventRounds "11"]
[EventCountry "ISR"]
[SourceTitle "EXT 2023"]
[Source "ChessBase"]
[SourceDate "2022.10.05"]
[SourceVersion "1"]
[SourceVersionDate "2022.10.05"]
[SourceQuality "1"]
[WhiteTeam "Ashdod"]
[BlackTeam "Beer Sheva"]
[WhiteTeamCountry "ISR"]
[BlackTeamCountry "ISR"]

1. e4 e5 2. Nf3 Nc6 3. Bc4 Nf6 4. d3 Bc5 5. Nc3 h6 6. Be3 Bxe3 7. fxe3 d6 8. a4 0-0 9. 0-0 Be6 10. b3 d5 11. exd5 Nxd5 12. Qd2 Nxc3 13. Qxc3 Bxc4 14. Qxc4 Qd6 15. Rf2 Rae8 16. Raf1 Qb4 17. Rd2 1/2-1/2

[Event "ISR-chT"]
[Site "Israel"]
[Date "2022.02.19"]
[Round "8.3"]
[White "Lomasov, Semen"]
[Black "Iliaguev, Nisim"]
[Result "1-0"]
[WhiteElo "2538"]
[BlackElo "2338"]
[PlyCount "54"]
[EventDate "2022.01.14"]
[EventType "team-tourn"]
[EventRounds "11"]
[EventCountry "ISR"]
[SourceTitle "EXT 2023"]
[Source "ChessBase"]
[SourceDate "2022.10.05"]
[SourceVersion "1"]
[SourceVersionDate "2022.10.05"]
[SourceQuality "1"]
[WhiteTeam "Ashdod"]
[BlackTeam "Ramat Gan Etude"]
[WhiteTeamCountry "ISR"]
[BlackTeamCountry "ISR"]

1. e4 c5 2. Nf3 g6 3. d4 cxd4 4. Nxd4 Nf6 5. Nc3 d6 6. Be3 Bg7 7. f3 Nc6 8. Bc4 Ne5 9. Be2 0-0 10. Qd2 a6 11. 0-0-0 b5 12. h4 Nh5 13. g4 Ng3 14. Rhg1 Nxe2+ 15. Qxe2 Nc4 16. h5 Nxe3 17. Qxe3 e6 18. f4 b4 19. Nce2 Qb6 20. hxg6 hxg6 21. Rh1 Bb7 22. f5 e5 23. f6 Bxf6 24. Qh6 Rfc8 25. Ne6 Rxc2+ 26. Kxc2 Rc8+ 27. Kb1 Rc1+ 1-0

[Event "EU-Cup 36th"]
[Site "Struga"]
[Date "2021.09.23"]
[Round "6.4"]
[White "Thybo, Jesper Sondergaard"]
[Black "Lomasov, Semen"]
[Result "1-0"]
[WhiteElo "2587"]
[BlackElo "2526"]
[PlyCount "133"]
[EventDate "2021.09.18"]
[EventType "team-swiss"]
[EventRounds "7"]
[EventCountry "MKD"]
[SourceTitle "CBM 204 Extra"]
[Source "ChessBase"]
[SourceDate "2021.11.30"]
[SourceVersion "1"]
[SourceVersionDate "2021.11.30"]
[SourceQuality "1"]
[WhiteTeam "XtraCon Team"]
[BlackTeam "Selfoss Skakfelag"]
[WhiteTeamCountry "DEN"]
[BlackTeamCountry "ISL"]

1. d4 e6 2. c4 Bb4+ 3. Bd2 a5 4. Nf3 d5 5. Qc2 Nf6 6. g3 Nc6 7. Bg2 dxc4 8. Qxc4 Qd5 9. Qd3 Qf5 10. Qxf5 exf5 11. 0-0 Be6 12. Rc1 0-0 13. Bf4 Nd5 14. Nc3 a4 15. Nxd5 Bxd5 16. Bxc7 Bxf3 17. exf3 Nxd4 18. Rc4 Nc6 19. f4 Rfc8 20. Bb6 Ra6 21. Be3 Be7 22. Rd1 Rd8 23. Rxd8+ Bxd8 24. Rc5 Ra5 25. Rc2 Bf6 26. Bxc6 bxc6 27. Rxc6 h5 28. b4 axb3 29. axb3 Rb5 30. Rb6 Rxb6 31. Bxb6 Kf8 32. Kf1 Ke7 33. Ke2 Kd6 34. Kd3 Kd5 35. b4 Be7 36. b5 Bb4 37. Bd4 g6 38. h3 Be1 39. Be3 Bb4 40. Bd4 Be1 41. Be3 Bb4 42. f3 Be1 43. g4 hxg4 44. fxg4 fxg4 45. hxg4 Bb4 46. Kc2 Be1 47. Kb3 Ba5 48. Kc2 Be1 49. Bd2 Bf2 50. Kb3 Bb6 51. Kb4 Bc7 52. Ka4 Ke4 53. Kb3 Kd5 54. Kb4 Bb6 55. Kc3 Ba5+ 56. Kd3 Bb6 57. Be3 Ba5 58. b6 Kc6 59. Ke4 Bb4 60. Ke5 Be7 61. g5 Bd8 62. b7 Kxb7 63. Kd6 Kc8 64. Bd2 f6 65. f5 fxg5 66. fxg6 Bf6 67. Bxg5 1-0

[Event "Arandjelovac Akva Gold GM2"]
[Site "Arandjelovac"]
[Date "2021.07.29"]
[Round "8"]
[White "Stefansson, Vignir Vatnar"]
[Black "Lomasov, Semen"]
[Result "0-1"]
[WhiteElo "2359"]
[BlackElo "2525"]
[PlyCount "66"]
[EventDate "2021.07.24"]
[EventType "tourn"]
[EventRounds "9"]
[EventCountry "SRB"]
[EventCategory "7"]
[SourceTitle "CBM 203 Extra"]
[Source "ChessBase"]
[SourceDate "2021.09.30"]
[SourceVersion "1"]
[SourceVersionDate "2021.09.30"]
[SourceQuality "1"]

1. d4 Nf6 2. c4 e6 3. Nf3 c5 4. d5 b5 5. e4 Nxe4 6. Bd3 Nf6 7. Nc3 bxc4 8. Bxc4 Ba6 9. Bxa6 Nxa6 10. 0-0 Qc8 11. Bg5 Be7 12. Bxf6 Bxf6 13. Ne4 0-0 14. Nxf6+ gxf6 15. Nd2 exd5 16. Qh5 Qc6 17. Rae1 Kh8 18. Nf3 Nc7 19. Nh4 d4 20. f4 Rae8 21. Qh6 f5 22. Qh5 Qf6 23. Nxf5 Qg6 24. Qh3 Nd5 25. Nh4 Qd6 26. g3 Ne3 27. Rf2 Re6 28. b3 f5 29. Rd2 a5 30. Nf3 Rh6 31. Nh4 Qf6 32. Rxe3 dxe3 33. Rxd7 e2 0-1

[Event "Arandjelovac Akva Gold GM2"]
[Site "Arandjelovac"]
[Date "2021.07.25"]
[Round "2"]
[White "Lomasov, Semen"]
[Black "Markovic, Miroslav"]
[Result "1-0"]
[WhiteElo "2525"]
[BlackElo "2353"]
[PlyCount "47"]
[EventDate "2021.07.24"]
[EventType "tourn"]
[EventRounds "9"]
[EventCountry "SRB"]
[EventCategory "7"]
[SourceTitle "CBM 203 Extra"]
[Source "ChessBase"]
[SourceDate "2021.09.30"]
[SourceVersion "1"]
[SourceVersionDate "2021.09.30"]
[SourceQuality "1"]

1. e4 d5 2. exd5 Nf6 3. Nf3 Nxd5 4. d4 c6 5. c4 Nf6 6. Nc3 Bg4 7. Be3 Nbd7 8. h3 Bh5 9. g4 Bg6 10. Bg2 e6 11. Nh4 Nb6 12. Nxg6 hxg6 13. Qb3 Qc7 14. 0-0-0 Be7 15. Kb1 Rd8 16. f4 Nbd7 17. Bf3 a6 18. h4 b5 19. h5 gxh5 20. g5 Ng8 21. cxb5 axb5 22. Bxh5 g6 23. Bxg6 Rxh1 24. Rxh1 1-0

[Event "Arandjelovac Akva Gold GM1"]
[Site "Arandjelovac"]
[Date "2021.07.20"]
[Round "5"]
[White "Pikula, Dejan"]
[Black "Lomasov, Semen"]
[Result "1/2-1/2"]
[WhiteElo "2384"]
[BlackElo "2525"]
[PlyCount "38"]
[EventDate "2021.07.17"]
[EventType "tourn"]
[EventRounds "9"]
[EventCountry "SRB"]
[EventCategory "6"]
[SourceTitle "CBM 203 Extra"]
[Source "ChessBase"]
[SourceDate "2021.09.30"]
[SourceVersion "1"]
[SourceVersionDate "2021.09.30"]
[SourceQuality "1"]

1. e4 e5 2. Nf3 Nc6 3. Bc4 Nf6 4. d3 h6 5. c3 d6 6. Nbd2 g5 7. h3 Bg7 8. Bb3 d5 9. 0-0 g4 10. hxg4 Bxg4 11. Re1 Qd7 12. Ba4 0-0-0 13. Bxc6 Qxc6 14. Nxe5 Bxd1 15. Nxc6 bxc6 16. Rxd1 dxe4 17. d4 c5 18. Nb3 cxd4 19. Rxd4 Ng4 1/2-1/2

[Event "Titled Tuesday intern op 22nd June"]
[Site "Chess.com INT"]
[Date "2021.06.22"]
[Round "2"]
[White "Kim, Sergey2222"]
[Black "Lomasov, Semen"]
[Result "1/2-1/2"]
[WhiteElo "2295"]
[BlackElo "2525"]
[PlyCount "104"]
[EventDate "2021.06.22"]
[EventType "swiss (blitz)"]
[EventRounds "11"]
[EventCountry "USA"]
[SourceTitle "CBM 203 Extra"]
[Source "ChessBase"]
[SourceDate "2021.09.30"]
[SourceVersion "1"]
[SourceVersionDate "2021.09.30"]
[SourceQuality "1"]

1. d4 e6 2. c4 b6 3. Nc3 Bb7 4. a3 f5 5. Nf3 Nf6 6. g3 Ne4 7. Bd2 Be7 8. Bg2 Nxd2 9. Qxd2 0-0 10. 0-0 a5 11. b3 Qc8 12. d5 Na6 13. Nd4 e5 14. Ndb5 Bf6 15. e4 f4 16. Rab1 g5 17. Bh3 Rf7 18. b4 axb4 19. axb4 Qf8 20. d6 c6 21. Na3 c5 22. b5 Nb4 23. Nc2 Nxc2 24. Qxc2 Qxd6 25. Rbd1 Qf8 26. Rxd7 Rxd7 27. Bxd7 Rd8 28. Be6+ Kg7 29. Nd5 Rd6 30. Bg4 h5 31. Bxh5 Qh8 32. Qe2 Bc8 33. Bg4 Bb7 34. Ra1 Qb8 35. Bf5 Bd8 36. Qh5 Rh6 37. Qg4 Bxd5 38. exd5 e4 39. Bxe4 Bf6 40. Qd7+ Kh8 41. Ra7 fxg3 42. hxg3 Bd4 43. Kg2 Qf8 44. Bf5 g4 45. Rc7 Rh2+ 46. Kxh2 Qh6+ 47. Kg1 Bxf2+ 48. Kxf2 Qd2+ 49. Kf1 Qd1+ 50. Kf2 Qd2+ 51. Kf1 Qd1+ 52. Kf2 Qd2+ 1/2-1/2

[Event "Titled Tuesday intern op 22nd June"]
[Site "Chess.com INT"]
[Date "2021.06.22"]
[Round "6"]
[White "Lomasov, Semen"]
[Black "Sjugirov, Sanan"]
[Result "1-0"]
[WhiteElo "2525"]
[BlackElo "2661"]
[PlyCount "71"]
[EventDate "2021.06.22"]
[EventType "swiss (blitz)"]
[EventRounds "11"]
[EventCountry "USA"]
[SourceTitle "CBM 203 Extra"]
[Source "ChessBase"]
[SourceDate "2021.09.30"]
[SourceVersion "1"]
[SourceVersionDate "2021.09.30"]
[SourceQuality "1"]

1. e4 c5 2. Nc3 d6 3. Nf3 a6 4. g3 Nc6 5. d4 cxd4 6. Nxd4 g6 7. Bg2 Bg7 8. Be3 Bd7 9. 0-0 Nf6 10. h3 0-0 11. Nxc6 Bxc6 12. Nd5 Nxd5 13. exd5 Bb5 14. Re1 Bxb2 15. a4 Bd7 16. Bh6 Bxa1 17. Qxa1 f6 18. Bxf8 Kxf8 19. Be4 Rc8 20. h4 Qa5 21. h5 Kf7 22. Qc1 Qc3 23. Bd3 Bxa4 24. Qe3 Rc7 25. hxg6+ hxg6 26. Qe4 f5 27. Qe6+ Kg7 28. g4 Qf6 29. gxf5 Qxe6 30. Rxe6 gxf5 31. Bxf5 Kf8 32. Re2 Rc5 33. Rd2 Bb5 34. f3 Bc4 35. Be6 a5 36. Rg2 1-0

[Event "FIDE World Cup Europe Hybrid Qual"]
[Site "Tornelo INT"]
[Date "2021.05.27"]
[Round "2.2"]
[White "Lomasov, Semen"]
[Black "Anton Guijarro, David"]
[Result "0-1"]
[WhiteElo "2525"]
[BlackElo "2673"]
[PlyCount "84"]
[EventDate "2021.05.24"]
[EventType "k.o."]
[EventRounds "3"]
[EventCountry "NET"]
[SourceTitle "CBM 202 Extra"]
[Source "ChessBase"]
[SourceDate "2021.07.31"]
[SourceVersion "1"]
[SourceVersionDate "2021.07.31"]
[SourceQuality "1"]

1. e4 c6 2. d4 d5 3. e5 Bf5 4. Bd3 Bxd3 5. Qxd3 e6 6. Ne2 c5 7. c3 Ne7 8. Nd2 Nd7 9. Nf3 Nc6 10. h4 Be7 11. Nf4 cxd4 12. cxd4 Rc8 13. Bd2 Nb4 14. Bxb4 Bxb4+ 15. Ke2 Be7 16. Rac1 Rxc1 17. Rxc1 0-0 18. b3 Qb6 19. Ng5 Bxg5 20. hxg5 Re8 21. Nh5 Nf8 22. a4 a6 23. Rc5 Ng6 24. Qc3 Qd8 25. Qg3 b5 26. axb5 axb5 27. Kf1 Qa8 28. Qe3 Qa2 29. Rc1 Nh4 30. Qc3 Qa6 31. b4 Qa2 32. g3 Nf5 33. g4 Nh4 34. Qg3 Qd2 35. Ra1 Qxd4 36. Re1 Qc4+ 37. Kg1 Qxb4 38. Rc1 Qb2 39. Rc6 Ng6 40. Rc3 b4 41. Re3 Qd4 42. Kg2 Rc8 0-1

[Event "Titled Tuesday intern op 11th May"]
[Site "Chess.com INT"]
[Date "2021.05.11"]
[Round "2"]
[White "Lomasov, Semen"]
[Black "Flores Quillas, Diego Saul Rodrigo"]
[Result "1-0"]
[WhiteElo "2525"]
[BlackElo "2245"]
[PlyCount "109"]
[EventDate "2021.05.11"]
[EventType "swiss (blitz)"]
[EventRounds "11"]
[EventCountry "USA"]
[SourceTitle "CBM 202 Extra"]
[Source "ChessBase"]
[SourceDate "2021.07.31"]
[SourceVersion "1"]
[SourceVersionDate "2021.07.31"]
[SourceQuality "1"]

1. e4 c5 2. Nf3 e6 3. b3 Nf6 4. e5 Nd5 5. Bb2 Be7 6. g3 0-0 7. Bg2 d6 8. exd6 Qxd6 9. Na3 Nc6 10. 0-0 Bf6 11. Bxf6 Nxf6 12. Nc4 Qc7 13. a4 b6 14. Re1 Bb7 15. a5 Rad8 16. axb6 axb6 17. Qc1 Nb4 18. Qb2 Bxf3 19. Bxf3 b5 20. Na3 Rxd2 21. Qc3 Rfd8 22. Nxb5 Qb6 23. Na3 c4 24. Rf1 Qc5 25. Qxc4 Qxc4 26. bxc4 Nxc2 27. Nxc2 Rxc2 28. Rfc1 Rxc1+ 29. Rxc1 Kf8 30. Kf1 Ke7 31. Ke2 Nd7 32. c5 Rc8 33. c6 Ne5 34. Be4 f5 35. f4 Nxc6 36. Rxc6 Rb8 37. Bc2 h6 38. Ke3 g5 39. Bd3 Rb4 40. h4 gxf4+ 41. gxf4 Ra4 42. h5 Rb4 43. Rc7+ Kd6 44. Rh7 e5 45. Rxh6+ Kd5 46. Bxf5 exf4+ 47. Kf3 Ke5 48. Bg4 Rb3+ 49. Kf2 Rb2+ 50. Be2 Ke4 51. Re6+ Kf5 52. Rg6 Ra2 53. Rg8 Ra3 54. h6 Ra6 55. h7 1-0

[Event "Titled Tuesday intern op 06th Apr"]
[Site "Chess.com INT"]
[Date "2021.04.06"]
[Round "2"]
[White "Lomasov, Semen"]
[Black "Osmak, Iulija"]
[Result "1-0"]
[WhiteElo "2525"]
[BlackElo "2428"]
[PlyCount "49"]
[EventDate "2021.04.06"]
[EventType "swiss (blitz)"]
[EventRounds "11"]
[EventCountry "USA"]
[SourceTitle "CBM 201 Extra"]
[Source "ChessBase"]
[SourceDate "2021.05.31"]
[SourceVersion "1"]
[SourceVersionDate "2021.05.31"]
[SourceQuality "1"]

1. e4 d6 2. d4 Nf6 3. Nc3 c6 4. f4 Qa5 5. e5 Ne4 6. Bd2 Nxd2 7. Qxd2 Bf5 8. Nf3 e6 9. Bd3 Bxd3 10. Qxd3 Be7 11. 0-0-0 Nd7 12. Kb1 0-0-0 13. h4 d5 14. Ng5 Bxg5 15. hxg5 g6 16. Rh3 c5 17. Nb5 Kb8 18. Nd6 Rdf8 19. Rdh1 Qb6 20. Qa3 cxd4 21. Rb3 Qc6 22. Rxb7+ Qxb7 23. Nxb7 Kxb7 24. Qe7 Kc6 25. Qd6+ 1-0